Images for Every Subcategory: Literature Quiz Stats

 Plays Quiz Updated Aug 27, 2019

Score 0/14 Timer 06:00
20 Plays Today
Question Answer Wrong Answers
Novel
Which dystopian novel has been adapted into an award winning television series?
The Handmaid's Tale
89.9%
1984
3.2%
Brave New World
2.1%
Clockwork Orange
2.2%
Literary Character
Which of these characters is NOT a title character?
Atticus Finch
85.2%
Oliver Twist
5.1%
Dracula
1.3%
Carrie
6%
Shakespeare
Which of these is from a performance of Hamlet?
Hamlet
83.5%
Henry V
4.8%
King Lear
5.5%
Romeo and Juliet
3.2%
Percy Jackson
Which of these images is the domain of Percy Jackson's father (a Greek god)?
Sea
71.9%
War
4.5%
Fire
17.7%
Music
3.1%
Poem
Which of these poets wrote 'Still I Rise' and 'Phenomenal Woman?'
Angelou
70.7%
Plath
6.4%
Dickinson
6.9%
Brooks
13%
Lord of the Rings
Which of these Fellowship members is also known as Strider?
Aragorn
70.5%
Gimli
9.8%
Legolas
11.4%
Samwise
5.6%
Play
Which of these plays is NOT by Tennessee Williams?
The Iceman Cometh
66.3%
Cat on a Hot Tin Roof
9.3%
The Glass Menagerie
15%
A Streetcar Named Desire
6.5%
Young Adult
Which of these Muppets shares its name with a character in Lord of the Flies?
Piggy
60%
Kermit
10.3%
Gonzo
17.3%
Fozzie
9.3%
A Song of Ice and Fire
Which of these sigils represents House Lannister?
Lannister
59.4%
Baratheon
9.6%
Stark
24.1%
Tyrell
6.7%
The Hunger Games
Which of these images represents the specialty associated with District 12?
Mining
56.9%
Lumber
19.9%
Fishing
9.9%
Electronics
11%
Harry Potter
Which of these relics associated with the founders of Hogwarts was NOT a horcrux?
Sword
51.8%
Cup
15.5%
Diadem
20.7%
Locket
10.2%
Children's Books
Which of these Dr. Seuss characters starred in more than one book?
Horton
48.5%
Sam I Am
35.1%
Yertle
4.2%
Lorax
11%
Author
Which of these authors did NOT win the Nobel Prize for Literature?
Fitzgerald
47.2%
Steinbeck
24.4%
Morrison
10.2%
Hemingway
17.9%
Book
Which of these books was written by an author from an African nation?
Achebe
46.4%
Wright
29.1%
Marquez
17.5%
Haruki
6.2%

You're not logged in!

Compare scores with friends on all Sporcle quizzes.
OR
Log In

Sporcle TV

Today on Sporcle TV


Watch our educational content, quiz creation guides, and fun videos on Sporcle TV.

Show Comments

Extras

Top Quizzes Today


Score Distribution

Your Account Isn't Verified!

In order to create a playlist on Sporcle, you need to verify the email address you used during registration. Go to your Sporcle Settings to finish the process.

Report this User

Report this user for behavior that violates our Community Guidelines.

Details: